01577nac a22003611i 4500003000900000005001700009008004100026020001500067020001800082040004300100082001900143100003300162245028600195246004300481246002000524250002000544264007100564300004400635336002600679337002800705338002700733490002800760500002900788500002000817500002500837650002000862655001700882700003100899942001200930999001500942952012900957952012901086EG-ScBUE20250323092914.0250309s2000 ii a f 001 0 eng d a0070435286 a9780070435285 aEG-ScBUEbengerdacEG-ScBUEdEG-ScBUE04a512.9bSPI2221 aSpiegel, Murray R.,eauthor.10aSchaum's outline of theory and problems of college algebra /cMurray R. Speigel, Ph.D., former professor and chairman mathematics department, Rensselear polytechnic Institute, Hartford graduate center, Robert E. Moyer, Ph.D., professor of mathematics, Fort Valley state university.30aTheory and problems of college algebra30aCollege algebra aSecond edition. 1aNew Delhi : bTata McGraw-Hill Publishing Company Limited, c2000. ax, 405 pages :billustrations ;c28 cm. 2rdacontentatextbtxt aunmediated2rdamediabn avolumebnc2rdacarrier0 aSchaum's outline series aPrevious edition : 1998. aIncludes index. aIncludes Appendices. 7aAlgebra.2BUEsh vReading book1 aMoyer, Robert E.,eauthor. cBB2ddc c1339d1339 00102ddc40708BaccahaMAINbMAINc1STd2006-09-04ePurchasel0o512.9 SPIp000003124r2025-07-15 00:00:00w2006-09-04yBB 00102ddc40708BaccahaMAINbMAINc1STd2006-09-04ePurchasel0o512.9 SPIp000003123r2025-07-15 00:00:00w2006-09-04yBB